Every Premier League Goalscorer for Leeds United - Statistics

General Stats
  • This quiz has been taken 309 times
    22 since last reset
  • The average score is 42 of 100
Answer Stats
Player % Correct
Harry Kewell
88%
Alan Smith
82%
Mark Viduka
82%
Éric Cantona
76%
Ian Harte
71%
Patrick Bamford
71%
Rio Ferdinand
71%
Robbie Fowler
71%
Danny Mills
65%
David Batty
65%
Dominic Calvert-Lewin
65%
Gary McAllister
65%
Gordon Strachan
65%
Raphinha
65%
Tony Yeboah
65%
Brian Deane
59%
Garry Kelly
59%
Jack Harrison
59%
James Milner
59%
Jimmy Floyd Hasselbaink
59%
Lee Bowyer
59%
Olivier Dacourt
59%
Pascal Struijk
59%
Rodrigo Moreno
59%
Brenden Aaronson
53%
Daniel James
53%
Dominic Matteo
53%
Eirik Bakke
53%
Ethan Ampadu
53%
Gary Speed
53%
Kalvin Phillips
53%
Lee Chapman
53%
Robbie Keane
53%
Rod Wallace
53%
Seth Johnson
53%
Wilfried Gnonto
53%
David Wetherall
47%
Jaka Bijol
47%
Jermaine Pennant
47%
Joe Rodon
47%
Jonathan Woodgate
47%
Liam Cooper
47%
Lukas Nmecha
47%
Luke Ayling
47%
Stephen McPhail
47%
Stuart Dallas
47%
Tony Dorigo
47%
Tyler Roberts
47%
Alf-Inge Haaland
41%
Anton Stach
41%
David Hopkin
41%
Gunnar Halle
41%
Jason Wilcox
41%
Michael Bridges
41%
Noah Okafor
41%
Phil Masinga
41%
Tomas Brolin
41%
Ao Tanaka
35%
Chris Fairclough
35%
Chris Whyte
35%
Crysencio Summerville
35%
David White
35%
Diego Llorente
35%
Ezgjan Alioski
35%
Ian Rush
35%
James Justin
35%
Lee Sharpe
35%
Marc Roca
35%
Mateusz Klich
35%
Michael Duberry
35%
Nigel Worthington
35%
Robert Molenaar
35%
Bruno Ribeiro
29%
Carlton Palmer
29%
Joe Gelhardt
29%
Jon Newsome
29%
Noel Whelan
29%
Steven Caldwell
29%
Darren Huckerby
24%
David Rocastle
24%
Hélder Costa
24%
Junior Firpo
24%
Lamine Sakho
24%
Steve Hodge
24%
Luis Sinisterra
18%
Matt Kilgallon
18%
Nick Barmby
18%
Sean Longstaff
18%
Teddy Lučić
18%
Willem Korsten
18%
Andy Couzens
12%
Clyde Wijnhard
12%
Derek Lilley
12%
Frank Strandli
12%
Imre Varadi
12%
Mark Ford
12%
Rasmus Kristensen
12%
Richard Jobson
12%
Sam Greenwood
12%
Zoumana Camara
12%
No matching quizzes found
Score Distribution
Percent of People with Each Score
Percentile by Number Answered
Your Score History
You have not taken this quiz since the last reset